Statistics for DC comics Justice League of America

Click here to take the quiz!

General Stats

  • This quiz has been taken 518 times
  • The average score is 18 of 24

Answer Stats

HintAnswer% Correct
Man of GothamBatman
100%
Son of KryptonSuperman
100%
Woman of ThemysciraWonder Woman
100%
King of AtlantisAquaman
98%
Half-robotCyborg
95%
Scarlet SpeedsterThe Flash
94%
Green AlienMartian Manhunter
93%
Earths ProtectorGreen Lantern
91%
Guy GardnerGreen Lantern
91%
Kara Zor-ElSupergirl
90%
Billy BatsonShazam
86%
BarbaraBatgirl
85%
OllieGreen Arrow
81%
Ronnie Raymond is one halfFirestorm
78%
Ray PalmerThe Atom
78%
Miss magicZatanna
77%
Shayera HolHawkgirl
76%
Katar HolHawkman
75%
CiscoVibe
68%
Colourful bugBlue Beetle
63%
Mari Jiwe McCabeVixen
47%
Michael Jon CarterBooster Gold
33%
Winter BirdRobin
23%
earth, wind, water, fire girlElement Woman
13%

Score Distribution

Percentile by Number Answered

Percent of People with Each Score

Your Score History

You have not taken this quiz